000 00424nam a2200157Ia 4500
008 230917s9999||||xx |||||||||||||| ||und||
040 _e229312
_aMAIN
041 _aEnglish
082 _a333.794 B697R(3)
100 _aBoyle, Godfrey, ed.
245 0 _aRenewable energy: Power for a sustainable future
250 _a3rd ed.
260 _aNew Delhi
_bOxford University Press
_c2014
300 _axv, 566 p.
942 _cBK
999 _c179221
_d179221